| 000 | 00597nam a22002177a 4500 | ||
|---|---|---|---|
| 003 | OSt | ||
| 005 | 20250828111241.0 | ||
| 008 | 250828t2007 sp |||||r|||| 00| f spa d | ||
| 020 | _a978-84-89662-49-0 | ||
| 040 | _cBesoc | ||
| 080 | _082-312.4(485) | ||
| 100 | 1 |
_aSjöwall, Maj, _d1935-2020 _eautor |
|
| 245 | 1 | 3 |
_aEl hombre que se esfumó / _cMaj Sjöwall y Per Wahlöö. |
| 250 | _a2a ed. | ||
| 260 |
_aBarcelona : _bRBA, _c2007. |
||
| 300 |
_a233 p. ; _c21 cm. |
||
| 490 | 0 |
_aSerie Negra _v17 |
|
| 650 | 4 |
_aLiteratura sueca _vNovela _ySiglo XX |
|
| 655 | 4 | _aNovela policial | |
| 942 |
_2udc _cLPD _n0 |
||
| 999 |
_c568 _d568 |
||